Geography Word Jumble #1 - Statistics

General Stats
  • This quiz has been taken 8 times
  • The average score is 15 of 15
Answer Stats
Hint Type Of Geography Answer % Correct
Tlatican Ocean Atlantic
100%
Jebiing Capital City Beijing
100%
Hacd Country Chad
100%
Liech Country Chile
100%
Ffeiel Wotre Landmark Eiffel Tower
100%
Epoure Continent Europe
100%
Aaasmlhiy Mountain Range Himalayas
100%
Ooeenntmngr Country Montenegro
100%
Tomun Moshroure Landmark Mount Rushmore
100%
Caficip Ocean Pacific
100%
Jta Lamha Landmark Taj Mahal
100%
Bitet Reigon Tibet
100%
Oorneb Island Borneo
88%
Rrabance Capital City Canberra
88%
Shakasin Capital City Kinshasa
75%
No matching quizzes found
Score Distribution
Percent of People with Each Score
Percentile by Number Answered
Your Score History
You have not taken this quiz